Sinh học và kỹ thuật nuôi một số loài cá cá nước ngọt ở vùng Đồng Bằng Sông Cửu Long

Nội dung sách giới thiệu tổng quát về nghề chăn nuôi thủy sản nước ngọt, đặc điểm sinh học của một số loài cá nước ngọt có giá trị thương phẩm như: cá tra, ba sa, rô đồng, lóc đen, sặc rằn, cá trê, thát lát, bống tượng, mè vinh, cá ch...

وصف كامل

محفوظ في:
التفاصيل البيبلوغرافية
التنسيق: كتاب
اللغة:Undetermined
منشور في: Hà Nội Lao động 2014
الموضوعات:
الوسوم: إضافة وسم
لا توجد وسوم, كن أول من يضع وسما على هذه التسجيلة!
Thư viện lưu trữ: Trung tâm Học liệu Trường Đại học Cần Thơ
LEADER 01170nam a2200181Ia 4500
001 CTU_225149
008 210402s9999 xx 000 0 und d
082 |a 639.31 
082 |b S312 
245 0 |a Sinh học và kỹ thuật nuôi một số loài cá cá nước ngọt ở vùng Đồng Bằng Sông Cửu Long 
245 0 |c Dương Nhựt Long, Lam Mỹ Lan, Nguyễn Anh Tuấn (biên soạn) 
260 |a Hà Nội 
260 |b Lao động 
260 |c 2014 
520 |a Nội dung sách giới thiệu tổng quát về nghề chăn nuôi thủy sản nước ngọt, đặc điểm sinh học của một số loài cá nước ngọt có giá trị thương phẩm như: cá tra, ba sa, rô đồng, lóc đen, sặc rằn, cá trê, thát lát, bống tượng, mè vinh, cá chép, rô phi, tai tượng, mè trắng, cá trôi Ấn Độ, cá hường. 
650 |a Aquaculture,Nuôi trồng thuỷ sản,Freshwater fishes,Nuôi cá nước ngọt 
910 |b dqhieu 
980 |a Trung tâm Học liệu Trường Đại học Cần Thơ